Statistics for Football players starting with the letter D

Click here to take the quiz!

General Stats

  • This quiz has been taken 59 times
  • The average score is 11 of 16

Answer Stats

Answer% Correct
Ángel Di maría
100%
Ousmane Dembélé
100%
Kevin De Bruyne
98%
Frenkie De Jong
96%
Alphonso Davies
92%
Julian Draxler
90%
David De Gea
84%
Jérémy Doku
69%
Moussa Dembélé
65%
Thomas Delaney
63%
Patson Daka
57%
Clint Dempsey
53%
Mikkel Damsgaard
51%
Jason Denayer
45%
Jonathan David
45%
Leander Dendoncker
41%

Score Distribution

Percentile by Number Answered

Percent of People with Each Score

Your Score History

You have not taken this quiz